000
00297nam a22001097a 4500
999
_c
13514
_d
13514
082
_a
910.4
_b
ن س ی
100
_a
نسیمہ بنت سراج
245
_a
د یس بد یس
260
_a
کراچی
_b
خواجہ پرنٹرز اینڈ پبلشرز
_c
٢٠٠٣
300
_a
٢٣٣
942
_c
BK